000 00634nam a2200253Ia 4500
003 OSt
005 20220925220217.0
006 a|||||r|||| 00| 0
007 ta
008 220923b |||||||| |||| 00| 0 eng d
020 _a0582423864
037 _cGeneral Book
040 _aRTL
_cRTL
_beng
041 _2eng
_aeng
082 _az4, P2
100 _aMacfie A L
_9284354
245 0 _aOrientalism
260 _aLondon
_bLongman UK
_c2002
300 _aviii, 242p
_ccm.
500 _aBibliography: P 231-38
650 _aGeneralia
942 _hz4, P2
_cGB
_2CC
999 _c570795
_d570795